Iba dielo chváli majstra

Bibliographic Details
Main Author: Chudík, Ladislav, 1924-2015 (Author)
Format: Article
Language:Slovak
PhysicalDescription:Obr. 2.
Subjects:

MARC

LEADER 00000nab a2200000 a 4500
001 vtls000259402
003 SK-MaSNL
005 20260302220907.0
008 160215c1986 xo 0 slo
015 |a SNBRB19rr/mm-uuuuu 
035 |a CL0269516 
040 |a SNKBUCL  |b slo  |c SNKBUCL  |e AACR2 
041 0 |a slo 
044 |a xo  |c SK 
080 |a 792.071.2  |2 1981 
080 |a 791.44.071.2  |2 1981 
080 |a 37-051  |2 1981 
080 |a 929 Chudík, Ladislav  |2 1981 
100 1 |a Chudík, Ladislav,  |d 1924-2015  |4 aut  |9 101396 
245 1 0 |a Iba dielo chváli majstra  |c Ladislav Chudík, -red- 
300 |b Obr. 2. 
600 1 7 |a Chudík, Ladislav,  |d 1924-2015  |2 snkbucl  |9 101396 
655 7 |a články z novín a časopisov  |2 snkbucl  |9 267496 
773 0 |t Bratislava  |g Roč. 13, č. 3 (1986), s. 46 
850 |a Slovenská národná knižnica v Martine  |a MTA001 
852 |a SNK  |b KIS3GCP 
958 |a BX 
992 |a RBX 
999 |c 1509172  |d 1511102